Normal view MARC view
  • Educación para Todos

Entry Materia

Number of records used in: 1

001 - NÚMERO DE CONTROL DEL REGISTRO

  • campo de control: 57600

003 - IDENTIFICADOR DE NUMERO DE CONTROL

  • campo de control: UPN

005 - FECHA Y HORA DE LA ÚLTIMA TRANSACCIÓN

  • campo de control: 20250902202440.0

008 - DATOS DE LONGITUD FIJA

  • campo de control de longitud fija: 250902na acannbabn b a|a d

040 ## - FUENTE DE LA CATALOGACIÓN

  • Centro catalogador de origen: MX-MxUPN

150 ## - ENCABEZAMIENTO - TEMÁTICO

  • Término de materia o nombre geográfico como elemento inicial: Educación para Todos

902 ## - CATALOGADOR

  • Catalogador: Maiella Martínez